[Event "Paracin-ch"]
[Site "Paracin"]
[Date "2014.01.11"]
[Round "3"]
[White "Radosavljevic, Nenad"]
[Black "Veljkovic, Zoran"]
[Result "0-1"]
[WhiteElo "1957"]
[BlackElo "1833"]
[PlyCount "50"]
[EventDate "2014.01.10"]
[EventType "swiss"]
[EventRounds "9"]
[EventCountry "SRB"]
[SourceTitle "CBM 158 Extra"]
[Source "ChessBase"]
[SourceDate "2014.02.28"]
[SourceVersion "1"]
[SourceVersionDate "2014.02.28"]
[SourceQuality "1"]

1. d4 d5 2. c4 Nf6 3. Nf3 g6 4. Nc3 c6 5. Qb3 Bg7 6. e3 0-0 7. Be2 b6 8. 0-0 Bb7 9. Ne5 Nbd7 10. f4 e6 11. c5 Rb8 12. cxb6 axb6 13. Bd2 c5 14. Rac1 Ne4 15. Nxe4 dxe4 16. Bc3 Nxe5 17. dxe5 Bc6 18. Rfd1 Qc7 19. Bb5 Rfd8 20. Be1 Rxd1 21. Rxd1 Bxb5 22. Qxb5 Rd8 23. Qb3 Bf8 24. Qc2 Rxd1 25. Qxd1 Be7 0-1

[Event "Paracin-ch"]
[Site "Paracin"]
[Date "2014.01.11"]
[Round "2"]
[White "Veljkovic, Zoran"]
[Black "Djordjevic, Vuk D"]
[Result "1/2-1/2"]
[WhiteElo "1833"]
[BlackElo "2114"]
[PlyCount "178"]
[EventDate "2014.01.10"]
[EventType "swiss"]
[EventRounds "9"]
[EventCountry "SRB"]
[SourceTitle "CBM 158 Extra"]
[Source "ChessBase"]
[SourceDate "2014.02.28"]
[SourceVersion "1"]
[SourceVersionDate "2014.02.28"]
[SourceQuality "1"]

1. d4 Nf6 2. c4 e6 3. Nc3 Bb4 4. Bg5 h6 5. Bxf6 Qxf6 6. Nf3 c5 7. Rc1 0-0 8. e3 b6 9. Be2 Bb7 10. 0-0 Bxc3 11. Rxc3 d6 12. dxc5 dxc5 13. Qc2 Nc6 14. a3 Rfd8 15. Rd3 Ne7 16. Qc3 Qxc3 17. Rxc3 f6 18. Rcc1 e5 19. Rfd1 e4 20. Nd2 Bc6 21. b3 Kf7 22. Nb1 Ke6 23. Nc3 f5 24. f3 exf3 25. gxf3 g5 26. Kf2 Ng6 27. a4 f4 28. e4 Ne5 29. Nd5 Bxd5 30. Rxd5 Rxd5 31. exd5+ Kd6 32. Rh1 h5 33. h3 Rg8 34. Rg1 Ke7 35. Re1 Kf6 36. Rd1 Rd8 37. Bd3 Rh8 38. Be4 Rd8 39. Ra1 a5 40. Rd1 Nf7 41. Re1 Re8 42. Bd3 Ne5 43. Be4 Rg8 44. Rh1 Rg7 45. Rh2 Nf7 46. Rh1 Rg8 47. Re1 Rh8 48. Rh1 Rh6 49. Rg1 Ne5 50. Rh1 Kg7 51. Rg1 Kf6 52. Rh1 Rh8 53. Rg1 Re8 54. Rh1 Re7 55. Rg1 Nf7 56. Re1 Re8 57. Re2 Nd6 58. Bd3 Re5 59. Bc2 Nf7 60. Be4 Nd6 61. Bd3 Rxe2+ 62. Kxe2 Nf7 63. Be4 Ne5 64. Kd2 Nd7 65. Ke2 Ke5 66. Kd3 Nf6 67. Bg6 g4 68. fxg4 hxg4 69. hxg4 Nxg4 70. Ke2 Kd6 71. Be4 Ne5 72. Bf5 Nf7 73. Be6 Ng5 74. Bg4 Ke5 75. Bf3 Nf7 76. Bh5 Ng5 77. Bf3 Kf6 78. Bg4 Ne4 79. Bf3 Ng3+ 80. Kd3 Ke5 81. Bg4 Ne4 82. Bf3 Ng3 83. Bg4 Nf1 84. Bf3 Ne3 85. Be4 Ng4 86. Bf3 Nh6 87. Be4 Nf7 88. Bf3 Ng5 89. Bg4 Ne4 1/2-1/2